Auswärtstrikots Bundesliga 2025/26 - Statistiken

Allgemein
  • Dieses Quiz wurde 108 mal gespielt
  • Das Durchschnittsergebnis liegt bei 13 aus 18
Antwortstatistiken
Bildquiz Antwort % Korrekt
Borussia Dortmund
98%
Hamburger SV
91%
FC St. Pauli
90%
RB Leipzig
89%
Borussia Mönchengladbach
85%
Bayern München
83%
1. FC Heidenheim
74%
1. FC Köln
73%
Bayer 04 Leverkusen
73%
VfB Stuttgart
70%
TSG Hoffenheim
69%
SC Freiburg
68%
Union Berlin
67%
1. FSV Mainz 05
66%
Werder Bremen
66%
FC Augsburg
64%
Eintracht Frankfurt
60%
VfL Wolfsburg
60%
Keine übereinstimmenden Quizze gefunden
Verteilung der Resultate
Anzahl Personen mit jedem Resultat
Perzentil nach korrekt beantworteten Fragen
Ihre Resultats-Entwicklung
Sie haben dieses Quiz noch nicht gespielt